000
00296nam a22001337a 4500
008
170713b xxu||||| |||| 00| 0 eng d
020
_a
9780029170717
041
_a
eng
080
_a
32
100
_a
20
101
_a
SHP
245
_a
TOWARD A MORE NATURAL SCIENCE
_c
KASS,L.R
942
_2
udc
_c
BK
999
_c
20651
_d
20651